[Event "40th Olympiad Open"]
[Site "Istanbul TUR"]
[Date "2012.08.29"]
[Round "2.25"]
[Board "3"]
[White "Escobar Forero, Alder"]
[Black "Roselli Mailhe, Bernardo"]
[Result "0-1"]
[WhiteTitle "IM"]
[BlackTitle "IM"]
[WhiteElo "2493"]
[BlackElo "2420"]
[WhiteTeam "Colombia"]
[BlackTeam "Uruguay"]
[WhiteFideId "4400801"]
[BlackFideId "3000028"]
[EventDate "2012.08.28"]

1. e4 e6 2. d4 d5 3. Nc3 Bb4 4. e5 b6 5. Qg4 Bf8 6. Bg5 Qd7 7. Bb5 Nc6 8. O-O-O
h6 9. Qh3 a6 10. Be2 Bb7 11. f4 Nge7 12. Bxe7 Bxe7 13. g4 O-O-O 14. Nf3 Kb8 15.
Qf1 Ka7 16. h4 Na5 17. Rh3 c5 18. dxc5 bxc5 19. Nd2 Qc7 20. Qf2 Kb8 21. Bf1 c4
22. Ne2 Nc6 23. Nf3 Qa5 24. Kb1 Nb4 25. a3 Nc6 26. Nfd4 Nxd4 27. Nxd4 Qb6 28.
Kc1 Ka8 29. Rd2 Rb8 30. c3 Bc5 31. Kd1 Rhf8 32. Re3 Bc6 33. Bh3 Ba4+ 34. Ke1
Rfc8 35. Qg3 Qa5 36. Ree2 Rc7 37. f5 Bd7 38. Qe3 Rcb7 39. Kf1 Qc7 40. Kg2 Re8
41. Qg3 Reb8 42. Qf2 Rb6 43. Kh1 R8b7 44. Bg2 Qb8 45. fxe6 fxe6 46. Qf7 Qd8 47.
Qf2 Be7 48. Nf3 Qf8 49. Kh2 Bc5 50. Qe1 Qb8 51. Qc1 Be8 52. h5 g6 53. Rd1 gxh5
54. Qxh6 hxg4 55. Nd2 Ba4 56. Rf1 g3+ 57. Kh3 Qg8 58. Nxc4 Rh7 59. Nxb6+ Kb7 60.
Rf6 Rxh6+ 61. Rxh6 Bxb6 62. c4 Bd1 0-1

[Event "40th Olympiad Open"]
[Site "Istanbul TUR"]
[Date "2012.08.29"]
[Round "2.25"]
[Board "4"]
[White "Sanguinetti, Luis"]
[Black "Barrientos, Sergio E"]
[Result "0-1"]
[BlackTitle "GM"]
[WhiteElo "2218"]
[BlackElo "2500"]
[WhiteTeam "Uruguay"]
[BlackTeam "Colombia"]
[WhiteFideId "3002608"]
[BlackFideId "4401824"]
[EventDate "2012.08.28"]

1. c4 e5 2. Nc3 Nc6 3. g3 Bc5 4. Bg2 a6 5. e3 Nge7 6. Nge2 d6 7. O-O O-O 8. Nd5
Ba7 9. b3 Bf5 10. Nxe7+ Qxe7 11. d4 Bg4 12. d5 Nb8 13. h3 Bxe2 14. Qxe2 f5 15.
b4 Nd7 16. Ba3 a5 17. Rab1 axb4 18. Bxb4 Bc5 19. a3 b6 20. Kh2 Rf7 21. e4 f4 22.
Bf3 Raf8 23. Rb3 g6 24. g4 Qh4 25. Kg2 Ra8 26. Rfb1 Kh8 27. R3b2 Rg7 28. Kh2 h6
29. Rg1 Rf7 30. Qd2 Kg7 31. Qe2 Rff8 32. Qd2 Bd4 33. Ra2 Nf6 34. a4 Nh7 35. Kg2
Ng5 36. Rh1 h5 37. Qe2 Rh8 38. gxh5 gxh5 39. a5 bxa5 40. Bxa5 Ra7 41. Bb4 Rxa2
42. Qxa2 Rb8 0-1

[Event "40th Olympiad Open"]
[Site "Istanbul TUR"]
[Date "2012.08.29"]
[Round "2.26"]
[Board "3"]
[White "Sargissian, Gabriel"]
[Black "Hossain, Enamul"]
[Result "1-0"]
[WhiteTitle "GM"]
[BlackTitle "GM"]
[WhiteElo "2693"]
[BlackElo "2480"]
[WhiteTeam "Armenia"]
[BlackTeam "Bangladesh"]
[WhiteFideId "13300881"]
[BlackFideId "10200649"]
[EventDate "2012.08.28"]

1. d4 d5 2. c4 c6 3. Nc3 Nf6 4. e3 a6 5. Nf3 e6 6. b3 Bb4 7. Bd2 Nbd7 8. Bd3 O-O
9. O-O Bd6 10. Rc1 e5 11. cxd5 cxd5 12. e4 dxe4 13. Nxe4 Nxe4 14. Bxe4 Nf6 15.
Bg5 exd4 16. Rc4 Be7 17. Rxd4 Qb6 18. Bb1 h6 19. Re1 Be6 20. Bh4 Rfd8 21. Qd3
Kf8 22. h3 Rac8 23. Rd1 Ke8 24. Qe2 Rxd4 25. Nxd4 Rd8 26. Nxe6 Rxd1+ 27. Qxd1
Qxe6 28. Bd3 g5 29. Bg3 Ne4 30. Bxe4 Qxe4 31. Kh2 Bc5 32. Qh5 Qe6 33. h4 Be7 34.
f4 gxh4 35. Bxh4 Bxh4 36. Qxh4 f5 37. Qh5+ Kf8 38. Qd1 Qe7 39. Qd2 Kg7 40. Kh3
Kg6 41. Kg3 Qc5 42. Qe2 Qc6 43. Qe5 Qd7 44. Kh2 Qf7 45. Kh3 Kh7 46. Kg3 Kg8 47.
Kf2 Kh7 48. Qd6 Qg7 49. Qd5 Qf6 50. Qxb7+ Kg6 51. Qf3 Qb2+ 52. Qe2 Qd4+ 53. Kg3
Qc3+ 54. Kh2 Qf6 55. Qe8+ Kh7 56. Qe5 Qh4+ 57. Kg1 Qg4 58. Qc7+ Kh8 59. Qc8+ Kg7
60. Qc3+ Kh7 61. Qc7+ Kh8 62. Qb8+ Kh7 63. Qb7+ Kh8 64. Qf3 Qg6 65. Kf2 Qf6 66.
Qe3 Kh7 67. a4 Qc6 68. Qd3 Qb6+ 69. Kf1 Qg6 70. b4 Kg7 71. b5 axb5 72. axb5 Qf6
73. Qd7+ Kf8 74. Qc8+ Kf7 75. Qc7+ Kf8 76. Qe5 Qf7 77. b6 Qc4+ 78. Kg1 Qd3 79.
Kh2 1-0

[Event "40th Olympiad Open"]
[Site "Istanbul TUR"]
[Date "2012.08.29"]
[Round "2.26"]
[Board "4"]
[White "Murshed, Niaz"]
[Black "Petrosian, Tigran L."]
[Result "0-1"]
[WhiteTitle "GM"]
[BlackTitle "GM"]
[WhiteElo "2462"]
[BlackElo "2661"]
[WhiteTeam "Bangladesh"]
[BlackTeam "Armenia"]
[WhiteFideId "10200010"]
[BlackFideId "13301616"]
[EventDate "2012.08.28"]

1. d4 d5 2. c4 c6 3. Nc3 Nf6 4. cxd5 cxd5 5. Bf4 Nc6 6. e3 a6 7. Bd3 Bg4 8. f3
Bh5 9. Nge2 e6 10. O-O Bg6 11. Rc1 Nh5 12. Na4 Nxf4 13. Nxf4 Bd6 14. Nxg6 hxg6
15. f4 g5 16. Nc5 Qb6 17. Qa4 Ke7 18. Nxb7 Qxb7 19. Rxc6 gxf4 20. exf4 Rhc8 21.
Rxc8 Rxc8 22. f5 Qb4 23. Qxb4 Bxb4 24. fxe6 fxe6 25. Kf2 Bd6 26. h4 a5 27. Ke3
Bg3 28. h5 Bh4 29. Bg6 Bg5+ 30. Kd3 Bf6 31. b3 Rb8 32. Ke3 a4 33. Bc2 Rc8 34.
Bd3 Bg5+ 35. Ke2 axb3 36. axb3 Ra8 37. Bc2 Ra2 38. Kd3 Bf6 39. Rf4 Ra1 40. b4
Ra3+ 41. Ke2 Rc3 42. Bd3 Rb3 43. b5 Rb2+ 44. Kf3 Rd2 45. Bg6 Bxd4 46. Rf7+ Kd6
47. g4 e5 48. b6 e4+ 49. Kg3 Rb2 50. b7 Be5+ 51. Kh4 Ke6 52. g5 e3 53. Rf1 Rxb7
54. Bf5+ Kd6 55. Kg4 e2 56. Re1 Rb4+ 57. Kh3 Rb3+ 58. Kg2 Rg3+ 59. Kh1 Rf3 60.
Bg4 0-1

[Event "40th Olympiad Open"]
[Site "Istanbul TUR"]
[Date "2012.08.29"]
[Round "2.27"]
[Board "3"]
[White "Pancevski, Filip"]
[Black "Berkes, Ferenc"]
[Result "1/2-1/2"]
[WhiteTitle "IM"]
[BlackTitle "GM"]
[WhiteElo "2461"]
[BlackElo "2685"]
[WhiteTeam "FYROM"]
[BlackTeam "Hungary"]
[WhiteFideId "15002187"]
[BlackFideId "718572"]
[EventDate "2012.08.28"]

1. e4 c6 2. d3 d5 3. Nc3 dxe4 4. Nxe4 Nf6 5. Qe2 Nxe4 6. dxe4 g6 7. Nf3 Bg7 8.
c3 O-O 9. Qc2 Nd7 10. Be2 Qc7 11. O-O Nf6 12. a4 Nh5 13. Be3 Nf4 14. Bc4 Bg4 15.
Nd2 Rad8 16. Rfe1 b6 17. Bf1 h6 18. a5 b5 19. Nb3 Bc8 20. f3 Ne6 21. Qf2 Rd7 22.
Be2 g5 23. g3 f5 24. exf5 Rxf5 25. Bf1 g4 26. Qc2 Rxf3 27. Qe4 Rd5 28. Bg2 Rf6
29. Qc2 Re5 30. Nd4 Bd7 31. a6 c5 32. Nxe6 Rfxe6 33. Qf2 Kh8 34. Bf4 Rxe1+ 35.
Rxe1 Rxe1+ 36. Qxe1 e5 37. Be3 Bc6 38. Qf2 b4 39. Bxh6 bxc3 40. bxc3 Bxg2 41.
Bxg7+ Kxg7 42. Qxg2 Qa5 43. Qb7+ Kf6 44. Qxa7 Qa1+ 45. Kg2 Qb2+ 46. Kf1 Qc1+ 47.
Kf2 Qd2+ 48. Kf1 Qd3+ 49. Kf2 Qf3+ 50. Kg1 Qe3+ 51. Kf1 Qc1+ 1/2-1/2

[Event "40th Olympiad Open"]
[Site "Istanbul TUR"]
[Date "2012.08.29"]
[Round "2.27"]
[Board "4"]
[White "Balogh, Csaba"]
[Black "Kizov, Atanas"]
[Result "1/2-1/2"]
[WhiteTitle "GM"]
[BlackTitle "IM"]
[WhiteElo "2668"]
[BlackElo "2418"]
[WhiteTeam "Hungary"]
[BlackTeam "FYROM"]
[WhiteFideId "718939"]
[BlackFideId "15001270"]
[EventDate "2012.08.28"]

1. e4 e5 2. Nf3 Nc6 3. Bb5 Nf6 4. d3 d6 5. O-O Bd7 6. Re1 g6 7. d4 Bg7 8. d5 Ne7
9. Bxd7+ Nxd7 10. Be3 O-O 11. c4 Kh8 12. Nc3 Ng8 13. Rc1 Bh6 14. Bxh6 Nxh6 15.
Qd2 Kg7 16. b4 f6 17. Na4 a5 18. c5 axb4 19. Qxb4 dxc5 20. Nxc5 Nxc5 21. Rxc5 b6
22. Rc2 Rf7 23. Rec1 Rd7 24. Nd2 Nf7 25. Nc4 Ra7 26. a4 Qa8 27. Ra2 Nd6 28. Nxd6
Rxd6 29. h4 c5 30. Qb3 h5 31. g3 Ra5 32. Rc4 Qc8 33. Kg2 Qd7 34. Rb2 Ra7 35. Qc2
Ra5 36. Rb1 Qc7 37. Rb5 Rxb5 38. axb5 Rd7 39. Ra4 Qd6 40. Qa2 Rc7 41. Ra8 f5 42.
Re8 Re7 43. Rc8 fxe4 44. Rc6 Qd7 45. Rxb6 Qg4 46. Qa3 Rf7 47. Qc3 Qf3+ 48. Qxf3
exf3+ 49. Kh3 Rd7 50. d6 Kf6 51. Rc6 Ke6 52. Rxc5 Rxd6 53. g4 hxg4+ 54. Kxg4
Rd4+ 55. Kg3 Rb4 56. Rc6+ Kf5 57. Rb6 Rg4+ 58. Kxf3 Rxh4 59. Rb8 Rh3+ 60. Kg2
Rb3 61. b6 Ke6 62. f3 Kd7 63. Kf2 Kc6 64. Rc8+ Kd5 65. Rb8 Kc6 66. Rg8 Rxb6 67.
Rxg6+ Kc5 68. Rxb6 Kxb6 69. Ke3 Kc6 70. f4 exf4+ 71. Ke4 1/2-1/2

[Event "40th Olympiad Open"]
[Site "Istanbul TUR"]
[Date "2012.08.29"]
[Round "2.28"]
[Board "2"]
[White "Dizdarevic, Emir"]
[Black "Nguyen, Ngoc Truong Son"]
[Result "1-0"]
[WhiteTitle "GM"]
[BlackTitle "GM"]
[WhiteElo "2499"]
[BlackElo "2639"]
[WhiteTeam "Bosnia & Herzegovina"]
[BlackTeam "Vietnam"]
[WhiteFideId "14400049"]
[BlackFideId "12401110"]
[EventDate "2012.08.28"]

1. Nf3 d5 2. b3 Bf5 3. Bb2 e6 4. e3 Nf6 5. Be2 h6 6. O-O Nbd7 7. Ne5 Nxe5 8.
Bxe5 Bd6 9. Bb2 h5 10. f4 Rg8 11. Nc3 c6 12. Bd3 d4 13. Ne2 Bxd3 14. cxd3 dxe3
15. dxe3 Nd5 16. Qd2 Bb4 17. Qc1 Qa5 18. Rd1 Qc5 19. a3 Qxc1 20. Raxc1 Bd6 21.
Kf2 g5 22. g3 gxf4 23. gxf4 Kd7 24. Rg1 a5 25. Kf3 a4 26. b4 Rxg1 27. Rxg1 c5
28. e4 cxb4 29. exd5 bxa3 30. dxe6+ Kxe6 31. Ba1 a2 32. Rg5 Kd7 33. Rxh5 Re8 34.
Ra5 a3 35. h4 b6 36. Ra7+ Kc6 37. h5 b5 38. Ra6+ Kd7 39. h6 b4 40. Ra7+ Kc6 41.
Nd4+ Kb6 42. Rd7 Bc5 43. h7 Bxd4 44. Bxd4+ 1-0

[Event "40th Olympiad Open"]
[Site "Istanbul TUR"]
[Date "2012.08.29"]
[Round "2.28"]
[Board "4"]
[White "Kadric, Denis"]
[Black "Nguyen, Duc Hoa"]
[Result "1-0"]
[WhiteTitle "IM"]
[BlackTitle "IM"]
[WhiteElo "2418"]
[BlackElo "2505"]
[WhiteTeam "Bosnia & Herzegovina"]
[BlackTeam "Vietnam"]
[WhiteFideId "14403803"]
[BlackFideId "12401358"]
[EventDate "2012.08.28"]

1. e4 c5 2. Nf3 Nc6 3. d4 cxd4 4. Nxd4 Qb6 5. Nb3 Nf6 6. Nc3 e6 7. Bd3 a6 8. O-O
Qc7 9. f4 d6 10. Be3 Be7 11. Qf3 O-O 12. Rae1 b5 13. g4 Bb7 14. g5 Nd7 15. Qh5
Rfe8 16. Rf3 Nb4 17. Rh3 Nf8 18. Nd4 Nxd3 19. cxd3 e5 20. Nf5 d5 21. Nxg7 exf4
22. Nf5 Bd6 23. Bd4 Be5 24. Bxe5 Rxe5 25. Qh6 Rxf5 26. exf5 Qc5+ 27. Kf1 Bc8 28.
Re8 Bxf5 29. Rxa8 d4 30. Ne4 Bxh3+ 31. Qxh3 Qc1+ 32. Kg2 Qxb2+ 33. Kf3 1-0

[Event "40th Olympiad Open"]
[Site "Istanbul TUR"]
[Date "2012.08.29"]
[Round "2.29"]
[Board "1"]
[White "Stefansson, Hannes"]
[Black "Flores, Diego"]
[Result "0-1"]
[WhiteTitle "GM"]
[BlackTitle "GM"]
[WhiteElo "2515"]
[BlackElo "2589"]
[WhiteTeam "Iceland"]
[BlackTeam "Argentina"]
[WhiteFideId "2300087"]
[BlackFideId "108049"]
[EventDate "2012.08.28"]

1. e4 c5 2. Nf3 e6 3. d4 cxd4 4. Nxd4 a6 5. Bd3 Bc5 6. Nb3 Be7 7. Qg4 g6 8. Qe2
d6 9. O-O Nd7 10. Na3 Ne5 11. Nc4 Nxc4 12. Bxc4 Qc7 13. Bd3 Bd7 14. a4 Rc8 15.
a5 Nf6 16. Nd2 Bc6 17. b3 O-O 18. Bb2 d5 19. e5 Nh5 20. Qe3 Bb5 21. c4 dxc4 22.
bxc4 Bc5 23. Qf3 Bc6 24. Ne4 Rcd8 25. g4 f5 26. exf6 Qf4 27. Qe2 Rxd3 28. Nxc5
Rh3 29. f3 Rxf3 30. Rxf3 Bxf3 31. Qxe6+ Kh8 32. Nd7 Qd2 33. f7+ Qxb2 34. Qe5+
Qxe5 35. Nxe5 Bxg4 36. Nxg4 Rxf7 37. Rb1 Nf4 38. Nf2 Rc7 39. Ne4 Nd3 40. Rb3
Rxc4 41. Nd6 Nc5 42. Re3 Rd4 0-1

[Event "40th Olympiad Open"]
[Site "Istanbul TUR"]
[Date "2012.08.29"]
[Round "2.29"]
[Board "3"]
[White "Gretarsson, Hjorvar Steinn"]
[Black "Mareco, Sandro"]
[Result "1/2-1/2"]
[WhiteTitle "IM"]
[BlackTitle "GM"]
[WhiteElo "2506"]
[BlackElo "2589"]
[WhiteTeam "Iceland"]
[BlackTeam "Argentina"]
[WhiteFideId "2302241"]
[BlackFideId "112275"]
[EventDate "2012.08.28"]

1. Nf3 Nf6 2. c4 e6 3. g3 d5 4. Bg2 dxc4 5. Qa4+ Nbd7 6. O-O a6 7. Qxc4 b5 8.
Qc2 Bb7 9. b3 Bd6 10. Bb2 O-O 11. d3 c5 12. Nbd2 Qb6 13. Rac1 Rfc8 14. e4 e5 15.
Rfd1 Re8 16. Qb1 Nb8 17. Nf1 Nc6 18. Ne3 g6 19. Rf1 Rad8 20. Kh1 Bf8 21. Rcd1
Bg7 22. Qa1 Nd4 23. Nxd4 cxd4 24. Nc2 Nd7 25. f4 f6 26. Rd2 b4 27. fxe5 fxe5 28.
Rdf2 Nc5 29. Qd1 a5 30. Ne1 Rf8 31. Bc1 Rxf2 32. Rxf2 Rf8 33. Rxf8+ Bxf8 34. Qg4
Ba6 35. Bf1 Qc6 36. Kg1 Bc8 37. Qg5 Ne6 38. Qd2 Nc5 39. Qg5 Ne6 40. Qd2 Nc7 41.
Nf3 Bg7 42. a3 Qc3 43. axb4 axb4 44. Qd1 Nb5 45. Bd2 Qc5 46. Qa1 Na3 47. Ne1 Be6
48. Qa2 Bf8 49. Qb2 Nb5 50. Nf3 h6 1/2-1/2

[Event "40th Olympiad Open"]
[Site "Istanbul TUR"]
[Date "2012.08.29"]
[Round "2.29"]
[Board "4"]
[White "Lorenzini, Martin"]
[Black "Thorhallsson, Throstur"]
[Result "1/2-1/2"]
[BlackTitle "GM"]
[WhiteElo "2482"]
[BlackElo "2426"]
[WhiteTeam "Argentina"]
[BlackTeam "Iceland"]
[WhiteFideId "105570"]
[BlackFideId "2300109"]
[EventDate "2012.08.28"]

1. e4 c5 2. c3 d5 3. exd5 Qxd5 4. Nf3 Nf6 5. d4 e6 6. Na3 Nc6 7. Bd3 cxd4 8. Nb5
Qd8 9. Nbxd4 Nxd4 10. Nxd4 Be7 11. Qe2 O-O 12. O-O Qc7 13. Nb5 Qc6 14. Bg5 a6
15. Nd4 Qc5 16. Bh4 Re8 17. Rfd1 g6 18. Nb3 Qc6 19. Qe5 Ng4 20. Qg3 Bxh4 21.
Qxh4 e5 22. Be2 Nf6 23. Na5 Qe6 24. Nc4 Nd5 25. Bf1 Bd7 26. Rd2 Bc6 27. Rad1 e4
28. Qg5 f6 29. Qg3 e3 30. Nxe3 Nxe3 31. fxe3 Qxe3+ 32. Qxe3 Rxe3 33. Rd6 Kg7 34.
R1d2 a5 35. Kf2 Rae8 36. Bc4 R3e5 37. Bd3 Re1 38. Bc4 R1e5 39. Bd3 Rg5 40. Kf1
Rge5 41. Rd4 h5 42. Kf2 Kh6 43. Rd6 Kg7 44. Rd4 Kh6 45. Rd6 Kg7 46. Rd4 Kh6 1/2-1/2

[Event "40th Olympiad Open"]
[Site "Istanbul TUR"]
[Date "2012.08.29"]
[Round "2.30"]
[Board "4"]
[White "Sipila, Vilka"]
[Black "Starostits, Ilmars"]
[Result "1/2-1/2"]
[WhiteTitle "FM"]
[BlackTitle "GM"]
[WhiteElo "2431"]
[BlackElo "2494"]
[WhiteTeam "Finland"]
[BlackTeam "Latvia"]
[WhiteFideId "505455"]
[BlackFideId "11600748"]
[EventDate "2012.08.28"]

1. Nf3 d5 2. d4 Nf6 3. c4 c6 4. e3 Bf5 5. Nc3 e6 6. Bd3 Bxd3 7. Qxd3 Nbd7 8. O-O
Be7 9. e4 O-O 10. Bf4 Qa5 11. Rfe1 dxe4 12. Nxe4 Nxe4 13. Qxe4 Rfd8 14. a3 Qa4
15. Rac1 Rac8 16. Rc3 b5 17. Ng5 Nf8 18. Rec1 Bf6 19. Nf3 Ng6 20. Be3 b4 21.
axb4 Qxb4 22. R3c2 c5 23. dxc5 Bxb2 24. Rb1 Bf6 25. Ra2 Qb3 26. Rd2 Rxd2 27.
Nxd2 Qa4 28. Qb7 Ne7 29. Ne4 Re8 30. Nd6 Rf8 31. g4 h6 32. Ne4 Bh4 33. Nd6 Qc2
34. Kh1 Bxf2 35. Bxf2 Qxf2 36. Qxe7 Qf3+ 37. Kg1 Qe3+ 38. Kh1 Qf3+ 39. Kg1 Qe3+
40. Kh1 Qf3+ 1/2-1/2

[Event "40th Olympiad Open"]
[Site "Istanbul TUR"]
[Date "2012.08.29"]
[Round "2.31"]
[Board "1"]
[White "Sambuev, Bator"]
[Black "Amanov, Mesgen"]
[Result "1-0"]
[WhiteTitle "GM"]
[BlackTitle "GM"]
[WhiteElo "2523"]
[BlackElo "2516"]
[WhiteTeam "Canada"]
[BlackTeam "Turkmenistan"]
[WhiteFideId "4128290"]
[BlackFideId "14000652"]
[EventDate "2012.08.28"]

1. d4 d5 2. Nf3 Nf6 3. e3 Bf5 4. c4 c6 5. Nc3 e6 6. Nh4 Be4 7. Qb3 Qb6 8. Qxb6
axb6 9. cxd5 exd5 10. f3 Bc2 11. Kd2 Bg6 12. g4 Bb4 13. a3 b5 14. Nf5 Bf8 15.
Bd3 Nbd7 16. Ne2 b4 17. a4 Bxf5 18. gxf5 Bd6 19. b3 O-O 20. e4 dxe4 21. fxe4
Rfe8 22. e5 Bxe5 23. dxe5 Nxe5 24. Nf4 Nf3+ 25. Kc2 Ne1+ 26. Kb1 Rad8 27. Be2
Ng2 28. Nxg2 Rxe2 29. Ra2 Re5 30. Ne3 Rd3 31. Nc4 Rxb3+ 32. Rb2 Rxb2+ 33. Bxb2
Rxf5 34. Rd1 Rd5 35. Rxd5 Nxd5 36. a5 Kf8 37. Nd6 b6 38. a6 Nc7 39. a7 Na8 40.
Kc2 Ke7 41. Nf5+ Kd7 42. Bxg7 c5 43. Kb3 Kc6 44. Be5 Kb5 45. Ne3 f5 46. Bb8 Ka5
47. Kc4 Ka4 48. Nd5 b3 49. Nc7 b5+ 50. Kxc5 b2 51. Nxa8 b1=Q 52. Nb6+ Kb3 53.
a8=Q Qc2+ 54. Kxb5 Qe2+ 55. Kc6 Qe4+ 56. Nd5 Qe8+ 57. Kb6 Qd8+ 58. Ka6 1-0

[Event "40th Olympiad Open"]
[Site "Istanbul TUR"]
[Date "2012.08.29"]
[Round "2.31"]
[Board "2"]
[White "Annaberdiev, Meilis"]
[Black "Gerzhoy, Leonid"]
[Result "1/2-1/2"]
[WhiteTitle "IM"]
[BlackTitle "IM"]
[WhiteElo "2437"]
[BlackElo "2448"]
[WhiteTeam "Turkmenistan"]
[BlackTeam "Canada"]
[WhiteFideId "14000563"]
[BlackFideId "2806126"]
[EventDate "2012.08.28"]

1. e4 e6 2. d4 d5 3. Nc3 Bb4 4. Qd3 dxe4 5. Qxe4 Nf6 6. Qh4 c5 7. dxc5 Nc6 8.
Bd2 Bxc5 9. Nf3 O-O 10. O-O-O Qe7 11. g4 Rd8 12. g5 Ne8 13. Ne4 e5 14. g6 Qxh4
15. gxf7+ Kxf7 16. Nxh4 Be7 17. Nf3 h6 18. Rg1 Nf6 19. Bc4+ Kf8 20. Nxf6 Bxf6
21. Rde1 Bf5 22. Bc3 Rac8 23. Bb3 Re8 24. Bd5 a5 25. Be4 Bxe4 26. Rxe4 Nd4 27.
Rg3 a4 28. a3 b5 29. Kb1 Kf7 30. Nd2 Rcd8 31. Rd3 Nc6 32. Rf3 Nd4 33. Rd3 Nc6
34. Rf3 Nd4 35. Rd3 Nc6 36. Nf3 1/2-1/2

[Event "40th Olympiad Open"]
[Site "Istanbul TUR"]
[Date "2012.08.29"]
[Round "2.32"]
[Board "1"]
[White "Smerdon, David"]
[Black "Elsness, Frode"]
[Result "1-0"]
[WhiteTitle "GM"]
[BlackTitle "IM"]
[WhiteElo "2507"]
[BlackElo "2498"]
[WhiteTeam "Australia"]
[BlackTeam "Norway"]
[WhiteFideId "3202305"]
[BlackFideId "1501100"]
[EventDate "2012.08.28"]

1. e4 e5 2. Nf3 Nc6 3. Bc4 Bc5 4. b4 Bxb4 5. c3 Be7 6. d4 Na5 7. Be2 exd4 8.
Qxd4 Nf6 9. e5 Nc6 10. Qh4 Nd5 11. Qg3 g6 12. O-O O-O 13. Rd1 Nb6 14. c4 Na4 15.
Bh6 Re8 16. c5 Nxc5 17. Nc3 d6 18. h4 Be6 19. h5 Qc8 20. hxg6 hxg6 21. Rac1 Rd8
22. Bg5 dxe5 23. Qh4 Re8 24. Bb5 Bf8 25. Bxc6 bxc6 26. Nxe5 Qa6 27. Bf6 Bg7 28.
Bxg7 Kxg7 29. Qd4 Nb7 30. Ng4+ Kf8 31. Qh8+ Ke7 32. Qf6+ Kf8 33. Ne5 Kg8 34. Rd4
Qa3 35. Rh4 Qxc1+ 36. Kh2 Qxc3 37. Rh8# 1-0

[Event "40th Olympiad Open"]
[Site "Istanbul TUR"]
[Date "2012.08.29"]
[Round "2.32"]
[Board "3"]
[White "Solomon, Stephen J."]
[Black "Urkedal, Frode"]
[Result "1/2-1/2"]
[WhiteTitle "IM"]
[BlackTitle "IM"]
[WhiteElo "2378"]
[BlackElo "2473"]
[WhiteTeam "Australia"]
[BlackTeam "Norway"]
[WhiteFideId "3200043"]
[BlackFideId "1506102"]
[EventDate "2012.08.28"]

1. e4 e5 2. Nf3 Nc6 3. Bb5 a6 4. Bxc6 dxc6 5. O-O Qf6 6. d4 exd4 7. Bg5 Qd6 8.
Qxd4 f6 9. Be3 Bg4 10. Nbd2 Qxd4 11. Nxd4 c5 12. N4b3 b6 13. a4 a5 14. Nc1 O-O-O
15. f3 Be6 16. Nd3 Ne7 17. b3 Nc6 18. Rfd1 Nd4 19. Bxd4 Rxd4 20. Nf4 Bf7 21. Nc4
Be7 22. Nd5 Bxd5 23. exd5 Rd8 24. Ne3 g6 25. c3 Rxd1+ 26. Rxd1 f5 27. f4 Bf6 28.
Rd3 c6 29. Nc4 cxd5 30. Rxd5 Kc7 31. Rxd8 Bxd8 32. Ne3 Kd6 33. c4 Ke6 34. Kf2 h6
35. Kf3 g5 36. g4 fxg4+ 37. Nxg4 h5 38. Ne3 gxf4 39. Nd5 Ke5 40. Nxf4 Bg5 41.
Nxh5 Kd4 42. Kg4 Bd8 43. Kf5 Bh4 44. Kg4 Bd8 45. Kf5 Kc3 46. Nf6 Kxb3 47. h4 b5
48. cxb5 c4 49. Ne4 Bxh4 50. b6 Bd8 51. b7 Bc7 52. Nc5+ Kb2 53. Ke4 c3 54. Kd4
c2 55. Nd3+ Kb3 56. Nc1+ Kxa4 57. Ke4 1/2-1/2

[Event "40th Olympiad Open"]
[Site "Istanbul TUR"]
[Date "2012.08.29"]
[Round "2.33"]
[Board "1"]
[White "Zhang, Zhong"]
[Black "Solomon, Kenny"]
[Result "0-1"]
[WhiteTitle "GM"]
[BlackTitle "IM"]
[WhiteElo "2595"]
[BlackElo "2414"]
[WhiteTeam "Singapore"]
[BlackTeam "South Africa"]
[WhiteFideId "8600694"]
[BlackFideId "14300192"]
[EventDate "2012.08.28"]

1. e4 e5 2. Nf3 Nc6 3. d4 exd4 4. Bc4 Bc5 5. c3 Nf6 6. e5 d5 7. Bb5 Ne4 8. cxd4
Bb6 9. Nc3 O-O 10. Be3 Bg4 11. Qc2 Bf5 12. Qb3 Na5 13. Qa4 c6 14. Be2 Nxc3 15.
bxc3 f6 16. exf6 Qxf6 17. Ne5 Rae8 18. Qb4 Bc7 19. O-O Qe7 20. Rfe1 Qd8 21. Bf1
Bd6 22. Qb2 Bxe5 23. dxe5 b6 24. f4 Qd7 25. Rad1 Qf7 26. Bc1 Bg4 27. Rd4 c5 28.
Rd2 Qxf4 29. Rxd5 Qf7 30. c4 Be6 31. Qd2 Bxd5 32. Qxd5 Re6 33. Be3 Nc6 34. Bd3
Nb4 35. Qe4 Rxe5 0-1

[Event "40th Olympiad Open"]
[Site "Istanbul TUR"]
[Date "2012.08.29"]
[Round "2.33"]
[Board "2"]
[White "Steel, Henry Robert"]
[Black "Goh, Wei Ming Kevin"]
[Result "0-1"]
[WhiteTitle "FM"]
[BlackTitle "IM"]
[WhiteElo "2397"]
[BlackElo "2437"]
[WhiteTeam "South Africa"]
[BlackTeam "Singapore"]
[WhiteFideId "14300567"]
[BlackFideId "5800706"]
[EventDate "2012.08.28"]

1. e4 e6 2. d4 d5 3. Nc3 Bb4 4. e5 c5 5. a3 Bxc3+ 6. bxc3 Ne7 7. h4 Nbc6 8. Nf3
f6 9. h5 fxe5 10. dxe5 h6 11. Bf4 O-O 12. Qd2 Qa5 13. Rh4 Nf5 14. Rh3 Nd6 15.
Nh4 Ne4 16. Qc1 Bd7 17. Ng6 Rf7 18. Rb1 Qc7 19. Qe3 Be8 20. f3 Rxf4 21. Nxf4 Ng5
22. Rh1 d4 23. cxd4 cxd4 24. Qe2 Nxe5 25. Nd3 Nc4 26. f4 Nf7 27. Qxe6 Ba4 28.
Kf2 Nd2 29. Re1 Bxc2 30. Ne5 Bb3 31. Qf5 Nd6 32. Qg6 Rf8 33. Bd3 Rxf4+ 34. Kg3
Rf6 35. Qh7+ Kf8 36. Rc1 N6e4+ 37. Kh4 Qxe5 38. Rc8+ Ke7 39. Qxg7+ Bf7 40. Qf8+
Ke6 41. Re8+ Bxe8 42. Qxe8+ Kd5 43. Qd7+ Nd6 0-1